| 000 | 02050nam0a2200361 4500 | ||
|---|---|---|---|
| 001 | RU\NLR\BIBL_A\011978897 | ||
| 005 | 20240531093752.0 | ||
| 010 |
_a978-5-00060-011-5 _91000 |
||
| 021 |
_aRU _bКН-П-19-016214 _9КН-П-19-1217 |
||
| 035 | _a(NLR Aleph) 011978897 | ||
| 035 | _a(RuMoRGB)009912643 | ||
| 090 |
_a11297803 _c11297803 |
||
| 100 | _a20190403d2016 u y0rusy50 ca | ||
| 101 | 0 | _arus | |
| 102 | _aRU | ||
| 105 | _aach|z|||000zy | ||
| 200 | 1 |
_aУсадьба Асеевых _fАдминистрация Тамбовской области, Управление культуры и архивного дела Тамбовской облвсти, Историко-культурный музейный комплекс "Усадьба Асеевых", Филиал Государственного музея-заповедника "Петергоф", Тамбовский областной краеведческий музей _g[авторы-составители: Г. Абрамова, Е. Романенко] |
|
| 210 |
_aТамбов _cЦифра _d2016 |
||
| 215 |
_a151 с. _cил., цв. ил., портр., факс. _d24 |
||
| 601 | 0 | 2 |
_a"Усадьба Асеевых", историко-культурный музейный комплекс _cТамбов, город _xАрхитектура _2nlr_sh2 _3RU\NLR\AUTH\6601655423 |
| 602 |
_aАсеевы (род) _2nlr_sh2 _3RU\NLR\AUTH\6601614871 |
||
| 686 | 1 | _aЩ113(2Р=Рус)92Тамбов | |
| 686 | 1 | _aТ214(2)0-3 | |
| 702 | 1 |
_aАбрамова _bГ. А. _cкраевед _f1958- _gГалина Александровна _3RU\NLR\AUTH\770205590 _4220 |
|
| 711 | 0 | 2 |
_a"Усадьба Асеевых", историко-культурный музейный комплекс _cТамбов |
| 722 |
_aАсеевы (род) _3RU\NLR\AUTH\770172549 _4570 |
||
| 942 | _cBOOK | ||
| 980 | _aGENEAL02 | ||
| 980 | _aNBR | ||
| 980 | _aNB | ||